LEADER 01465nam 2200373 n 450 001 996390675403316 005 20221108060133.0 035 $a(CKB)1000000000653226 035 $a(EEBO)2248577405 035 $a(UnM)99839607 035 $a(EXLCZ)991000000000653226 100 $a19901220d1596 uy | 101 0 $aeng 135 $aurbn||||a|bb| 200 12$aA nevv discourse of a stale subiect, called the metamorphosis of Aiax. Written by Misacmos, to his friend and cosin Philostilpnos$b[electronic resource] 210 $a[London] $cPrinted [by John Windet]$d1596 215 $a[132] p. $cill 300 $aMisacmos = John Harington. 300 $aPrinter's name from STC. 300 $aSignatures: A-H I² . 300 $aRunning title reads: The metamorphosis of Aiax. 300 $aIn this edition, A2r last line ends "dyd"; I1r has catchword "from". 300 $aI2v is in two settings: last line ends (1) "priuy faults" or (2) "priuie faults". 300 $aReproduction of the original in the Henry E. Huntington Library and Art Gallery. 330 $aeebo-0113 700 $aHarington$b John$cSir,$f1560-1612.$0447217 801 0$bCu-RivES 801 1$bCu-RivES 801 2$bCStRLIN 801 2$bWaOLN 906 $aBOOK 912 $a996390675403316 996 $aA nevv discourse of a stale subiect, called the metamorphosis of Aiax. Written by Misacmos, to his friend and cosin Philostilpnos$92360635 997 $aUNISA LEADER 01277nam0 22002651i 450 001 UON00395728 005 20231205104634.233 100 $a20110713d1985 |0itac50 ba 101 $aita 102 $aIT 105 $a|||| ||||| 200 1 $aˆIl ‰villaggio elettronico di McLuhan$eun libro-trasmissione$fdi Gianpiero Gamaleri$gcon contributi di Derrik de Kerckhove ... [et al.] - Cavallino di Lecce$eCapone, 1985 - 90 p., 8 c. di tav. : ill. ; 21 cm 606 $aMCLUHAN MARSHALL$3UONC050993$2FI 606 $aTelecomunicazioni$3UONC065725$2FI 620 $aIT$dCavallino di Lecce$3UONL003360 676 $a302.2$cInterazione sociale. Comunicazione$v21 700 1$aGamaleri$bGianpiero$3UONV127758$0144441 702 1$aDE KERCKHOVE$bDerrick$3UONV178019 712 $aCapone$3UONV256820$4650 801 $aIT$bSOL$c20251003$gRICA 912 $aUON00395728 950 $aSIBA - SISTEMA BIBLIOTECARIO DI ATENEO$dSI FS 04703 (a) $eSI FP 4353 5 (a) 950 $aSIBA - SISTEMA BIBLIOTECARIO DI ATENEO$dSI FS 04703 (b) $eSI FP 5005 5 (b) 996 $aVillaggio elettronico di McLuhan$998314 997 $aUNIOR